[Event "Titled Tuesday intern op 7th Mar Early"]
[Site "Chess.com INT"]
[Date "2023.03.07"]
[Round "10"]
[White "Bezerra, Natacio Goncalves"]
[Black "Burke, John F"]
[Result "0-1"]
[WhiteElo "1991"]
[BlackElo "2013"]
[PlyCount "75"]
[EventDate "2023.03.07"]
[EventType "swiss (blitz)"]
[EventRounds "11"]
[EventCountry "USA"]
[SourceTitle "EXT 2024"]
[Source "ChessBase"]
[SourceDate "2023.10.10"]
[SourceVersion "1"]
[SourceVersionDate "2023.10.10"]
[SourceQuality "1"]

1. e4 c5 2. Nf3 Nc6 3. Bb5 e6 4. 0-0 Nge7 5. Re1 a6 6. Bf1 d6 7. d4 cxd4 8. Nxd4 Ng6 9. c4 Be7 10. Nc3 0-0 11. Be3 Qc7 12. b3 Nce5 13. h3 Re8 14. Qd2 b6 15. Red1 Bb7 16. Rac1 Rac8 17. f4 Nd7 18. f5 Ngf8 19. Nd5 exd5 20. cxd5 Qb8 21. Qf2 Nc5 22. Qf3 Bf6 23. g4 Nxe4 24. g5 Nxg5 25. Qg3 Bxd5 26. Bxg5 Be5 27. Bf4 Rxc1 28. Bxe5 dxe5 29. f6 Ng6 30. Rxc1 exd4 31. Qg4 Qf4 32. Qxf4 Nxf4 33. Bxa6 d3 34. Rd1 Re3 35. Rc1 Ne2+ 36. Kf2 Rf3+ 37. Kg2 Nxc1 38. Bxd3 0-1

[Event "Titled Tuesday intern op 7th Mar Early"]
[Site "Chess.com INT"]
[Date "2023.03.07"]
[Round "1"]
[White "Burke, John F"]
[Black "Budisavljevic, Luka"]
[Result "0-1"]
[WhiteElo "2013"]
[BlackElo "2488"]
[PlyCount "68"]
[EventDate "2023.03.07"]
[EventType "swiss (blitz)"]
[EventRounds "11"]
[EventCountry "USA"]
[SourceTitle "EXT 2024"]
[Source "ChessBase"]
[SourceDate "2023.10.10"]
[SourceVersion "1"]
[SourceVersionDate "2023.10.10"]
[SourceQuality "1"]

1. d4 Nf6 2. c4 a6 3. Nc3 c5 4. d5 b5 5. cxb5 axb5 6. Nxb5 Qa5+ 7. Nc3 Bb7 8. Bd2 Qb6 9. e4 e6 10. dxe6 fxe6 11. Bd3 Nc6 12. Nf3 Nb4 13. Be2 Nxe4 14. Nxe4 Bxe4 15. 0-0 Be7 16. Ng5 Bxg5 17. Bxg5 0-0 18. a3 Nc2 19. Rc1 Nd4 20. Bd3 Bxd3 21. Qxd3 Rf5 22. Be3 Qxb2 23. Rfe1 Rxa3 24. Qf1 h6 25. h3 Ra2 26. Rb1 Qc2 27. Rb8+ Kh7 28. Rb7 Qa4 29. Rd1 Ne2+ 30. Kh2 d5 31. g4 Rf6 32. Qg2 Nc3 33. Rc1 Ne4 34. h4 Rfxf2 0-1

[Event "Titled Tuesday intern op 7th Mar Early"]
[Site "Chess.com INT"]
[Date "2023.03.07"]
[Round "8"]
[White "Burke, John F"]
[Black "Osuna Vega, Enrique"]
[Result "0-1"]
[WhiteElo "2013"]
[BlackElo "2061"]
[PlyCount "74"]
[EventDate "2023.03.07"]
[EventType "swiss (blitz)"]
[EventRounds "11"]
[EventCountry "USA"]
[SourceTitle "EXT 2024"]
[Source "ChessBase"]
[SourceDate "2023.10.10"]
[SourceVersion "1"]
[SourceVersionDate "2023.10.10"]
[SourceQuality "1"]

1. d4 c6 2. c4 b5 3. e4 bxc4 4. Bxc4 d5 5. exd5 cxd5 6. Bd3 e6 7. Nf3 Nf6 8. 0-0 h6 9. Nc3 Bd7 10. Bf4 Qb6 11. Qe2 Bd6 12. Be5 Bxe5 13. Nxe5 0-0 14. Rad1 Nc6 15. Nxc6 Bxc6 16. h3 Rab8 17. Rd2 Rfc8 18. Re1 Kf8 19. Bb1 Bb5 20. Qe5 Qc7 21. Qe3 Bd7 22. f4 Rb4 23. g4 Rcb8 24. Ree2 Qb6 25. Kg2 Ne4 26. Nxe4 dxe4 27. Bxe4 Bc6 28. Bxc6 Qxc6+ 29. Kg3 Qd5 30. Qe5 Qxa2 31. Qd6+ Kg8 32. f5 Rb3+ 33. Kh4 Rxb2 34. Qh2 Rxd2 35. Rxd2 Qd5 36. Qf4 Rb3 37. f6 g5+ 0-1

[Event "Titled Tuesday intern op 7th Mar Early"]
[Site "Chess.com INT"]
[Date "2023.03.07"]
[Round "11"]
[White "Burke, John F"]
[Black "Zaksaite, Salomeja"]
[Result "0-1"]
[WhiteElo "2013"]
[BlackElo "2187"]
[PlyCount "88"]
[EventDate "2023.03.07"]
[EventType "swiss (blitz)"]
[EventRounds "11"]
[EventCountry "USA"]
[SourceTitle "EXT 2024"]
[Source "ChessBase"]
[SourceDate "2023.10.10"]
[SourceVersion "1"]
[SourceVersionDate "2023.10.10"]
[SourceQuality "1"]

1. d4 Nf6 2. c4 g6 3. Nc3 Bg7 4. e4 d6 5. f3 0-0 6. Nge2 c5 7. Be3 cxd4 8. Nxd4 Nc6 9. Qd2 Bd7 10. Rc1 Qa5 11. Nb3 Qb4 12. Be2 Na5 13. Nxa5 Qxa5 14. 0-0 Rac8 15. Rfd1 Rfe8 16. h3 a6 17. f4 b5 18. c5 b4 19. Nd5 Nxe4 20. Qxb4 Qxb4 21. Nxb4 a5 22. c6 Be6 23. Nd5 Bxb2 24. Rc2 Ba3 25. Bf3 Bf5 26. Rc4 Nc5 27. Nb6 Rb8 28. Na4 Nxa4 29. Rxa4 Bb4 30. a3 Bc2 31. axb4 Bxa4 32. Ra1 Rxb4 33. Bd2 Rc4 34. Bxa5 Bxc6 35. Be2 Rxf4 36. Bd2 Rd4 37. Bh6 Rb4 38. Ra7 Rb2 39. Bf1 f6 40. Rc7 Bd5 41. Bc1 Ra2 42. Bb5 Rb8 43. Bf1 Kf7 44. Bf4 Ke6 0-1

[Event "Titled Tuesday intern op 7th Mar Early"]
[Site "Chess.com INT"]
[Date "2023.03.07"]
[Round "4"]
[White "Risteski, Emil"]
[Black "Burke, John F"]
[Result "1-0"]
[WhiteElo "2366"]
[BlackElo "2013"]
[PlyCount "53"]
[EventDate "2023.03.07"]
[EventType "swiss (blitz)"]
[EventRounds "11"]
[EventCountry "USA"]
[SourceTitle "EXT 2024"]
[Source "ChessBase"]
[SourceDate "2023.10.10"]
[SourceVersion "1"]
[SourceVersionDate "2023.10.10"]
[SourceQuality "1"]

1. c4 e5 2. Nc3 Nc6 3. g3 g6 4. Bg2 Bg7 5. d3 d6 6. h4 h6 7. Qd2 Nge7 8. b3 Be6 9. Bb2 f5 10. e3 d5 11. cxd5 Nxd5 12. Nge2 Qd7 13. 0-0-0 Rd8 14. Kb1 Ndb4 15. Nc1 e4 16. d4 Nd5 17. Bf1 a6 18. Na4 Bf8 19. Ne2 Bb4 20. Qc1 0-0 21. Ba3 b6 22. Nf4 Nxf4 23. gxf4 Bxa3 24. Qxa3 a5 25. Bb5 Bd5 26. Nc3 Rf6 27. Nxd5 1-0

[Event "Titled Tuesday intern op 28th Feb Early"]
[Site "Chess.com INT"]
[Date "2023.02.28"]
[Round "4"]
[White "Burke, John F"]
[Black "Djokic, Mihailo"]
[Result "1-0"]
[WhiteElo "2013"]
[BlackElo "2221"]
[PlyCount "93"]
[EventDate "2023.02.28"]
[EventType "swiss (blitz)"]
[EventRounds "11"]
[EventCountry "USA"]
[SourceTitle "CBM 213 Extra"]
[Source "ChessBase"]
[SourceDate "2023.05.31"]
[SourceVersion "1"]
[SourceVersionDate "2023.05.31"]
[SourceQuality "1"]

1. d4 Nf6 2. c4 g6 3. Nc3 Bg7 4. e4 d6 5. f3 0-0 6. Nge2 Nc6 7. Be3 a6 8. Nc1 e5 9. Nb3 exd4 10. Nxd4 Nxd4 11. Bxd4 Rb8 12. Be2 Be6 13. 0-0 Nh5 14. Bxg7 Kxg7 15. Qd4+ Qf6 16. Qxf6+ Kxf6 17. g3 Ke7 18. Kg2 Nf6 19. Rad1 Nd7 20. Rd2 f5 21. f4 fxe4 22. Nxe4 b5 23. cxb5 axb5 24. Rc1 Rb7 25. Bf3 Ra7 26. Ng5 Bxa2 27. Re2+ Kd8 28. Nxh7 Re8 29. Rce1 Rxe2+ 30. Rxe2 Bc4 31. Rd2 Ra2 32. Be4 Nc5 33. Bb1 Nb3 34. Rf2 Ra1 35. Bxg6 Bd5+ 36. Kh3 Nd4 37. f5 Be4 38. Ng5 d5 39. Nxe4 dxe4 40. f6 e3 41. f7 Ne6 42. Re2 Rf1 43. Rxe3 Ng5+ 44. Kg2 Rf6 45. Re8+ Kd7 46. f8Q Rxf8 47. Rxf8 1-0

[Event "Titled Tuesday intern op 28th Feb Early"]
[Site "Chess.com INT"]
[Date "2023.02.28"]
[Round "9"]
[White "Burke, John F"]
[Black "Estrada Nieto, Julian"]
[Result "1-0"]
[WhiteElo "2013"]
[BlackElo "2248"]
[PlyCount "75"]
[EventDate "2023.02.28"]
[EventType "swiss (blitz)"]
[EventRounds "11"]
[EventCountry "USA"]
[SourceTitle "CBM 213 Extra"]
[Source "ChessBase"]
[SourceDate "2023.05.31"]
[SourceVersion "1"]
[SourceVersionDate "2023.05.31"]
[SourceQuality "1"]

1. d4 Nf6 2. c4 e6 3. Nf3 c5 4. d5 exd5 5. cxd5 d6 6. Nc3 g6 7. g3 Bg7 8. Bg2 0-0 9. 0-0 a6 10. a4 Re8 11. Nd2 h6 12. Nc4 g5 13. h3 Bf5 14. f4 g4 15. h4 Ne4 16. Nxe4 Bxe4 17. e3 f5 18. Bd2 Qe7 19. Bxe4 fxe4 20. Qxg4 Nd7 21. Bc3 Nf6 22. Qg6 Rad8 23. Rad1 Qf7 24. f5 b5 25. axb5 axb5 26. Na5 Qxg6 27. fxg6 Ng4 28. Bxg7 Kxg7 29. Rf7+ Kxg6 30. Rdf1 Ne5 31. R7f6+ Kh5 32. R1f4 Nf3+ 33. Kg2 Re5 34. Nc6 Rde8 35. Nxe5 Rxe5 36. Rxd6 Ne1+ 37. Kh3 Nf3 38. g4# 1-0

[Event "Titled Tuesday intern op 28th Feb Early"]
[Site "Chess.com INT"]
[Date "2023.02.28"]
[Round "3"]
[White "Burke, John F"]
[Black "Kopczynski, Michal"]
[Result "1/2-1/2"]
[WhiteElo "2013"]
[BlackElo "2225"]
[PlyCount "130"]
[EventDate "2023.02.28"]
[EventType "swiss (blitz)"]
[EventRounds "11"]
[EventCountry "USA"]
[SourceTitle "CBM 213 Extra"]
[Source "ChessBase"]
[SourceDate "2023.05.31"]
[SourceVersion "1"]
[SourceVersionDate "2023.05.31"]
[SourceQuality "1"]

1. d4 Nf6 2. c4 g6 3. Nc3 Bg7 4. e4 d6 5. f3 0-0 6. Nge2 c5 7. Be3 cxd4 8. Nxd4 Nc6 9. Be2 a6 10. 0-0 Bd7 11. Qd2 Qa5 12. Nb3 Qc7 13. Rac1 Rfc8 14. Nd5 Qd8 15. Nb6 Ne5 16. Rfd1 Be6 17. Nxa8 Rxa8 18. c5 d5 19. Bf4 Nc6 20. exd5 Nxd5 21. Bg3 Qf8 22. Bc4 Rd8 23. Qe2 Bh6 24. Ra1 Ne3 25. Rxd8 Nxd8 26. Bxe6 Nxe6 27. f4 Nf5 28. Rf1 Qd8 29. Qe4 a5 30. Qxb7 a4 31. Nc1 Nxc5 32. Qb5 Ne4 33. Be1 Qd4+ 34. Kh1 e5 35. Nd3 exf4 36. Qe8+ Kg7 37. Qe5+ Qxe5 38. Nxe5 Ne3 39. Rf3 Nc2 40. Bc3 f6 41. Ng4 Bg5 42. g3 h5 43. h4 hxg4 44. Rd3 Bh6 45. Rd7+ Kf8 46. gxf4 Bxf4 47. a3 g3 48. Kg2 Nxa3 49. Bb4+ Ke8 50. Re7+ Kd8 51. Rxe4 Nc2 52. Rxf4 Ne3+ 53. Kxg3 g5 54. hxg5 fxg5 55. Rd4+ Kc7 56. Kf3 Nf5 57. Rc4+ Kb6 58. Bc3 Nd6 59. Rg4 Kb5 60. Rxg5+ Kc4 61. Rg4+ Kb3 62. Rxa4 Kxa4 63. Ke3 Kb3 64. Kd4 Nc4 65. Kd3 Nxb2+ 1/2-1/2

[Event "Titled Tuesday intern op 28th Feb Early"]
[Site "Chess.com INT"]
[Date "2023.02.28"]
[Round "6"]
[White "Burke, John F"]
[Black "Lagno, Kateryna"]
[Result "0-1"]
[WhiteElo "2013"]
[BlackElo "2560"]
[PlyCount "56"]
[EventDate "2023.02.28"]
[EventType "swiss (blitz)"]
[EventRounds "11"]
[EventCountry "USA"]
[SourceTitle "CBM 213 Extra"]
[Source "ChessBase"]
[SourceDate "2023.05.31"]
[SourceVersion "1"]
[SourceVersionDate "2023.05.31"]
[SourceQuality "1"]

1. d4 Nf6 2. c4 g6 3. Nc3 d5 4. Nf3 Bg7 5. Bf4 0-0 6. Rc1 dxc4 7. e4 c5 8. d5 b5 9. Nxb5 Qa5+ 10. Nc3 Nxe4 11. Be5 Nxc3 12. Bxc3 Bxc3+ 13. Rxc3 Qxa2 14. Qd2 Qb1+ 15. Qc1 Qe4+ 16. Re3 Qxd5 17. Bxc4 Qd6 18. 0-0 Nc6 19. Rd1 Nd4 20. Ng5 Bb7 21. Rh3 h5 22. Qb1 Rad8 23. Re1 Qf4 24. Rxh5 Nf5 25. Nh3 Qxc4 26. Rxf5 gxf5 27. Qxf5 Rd6 28. Ng5 Rg6 0-1

[Event "Titled Tuesday intern op 28th Feb Early"]
[Site "Chess.com INT"]
[Date "2023.02.28"]
[Round "10"]
[White "Shubenkova, Veronika"]
[Black "Burke, John F"]
[Result "0-1"]
[WhiteElo "2002"]
[BlackElo "2013"]
[PlyCount "162"]
[EventDate "2023.02.28"]
[EventType "swiss (blitz)"]
[EventRounds "11"]
[EventCountry "USA"]
[SourceTitle "CBM 213 Extra"]
[Source "ChessBase"]
[SourceDate "2023.05.31"]
[SourceVersion "1"]
[SourceVersionDate "2023.05.31"]
[SourceQuality "1"]

1. e4 c5 2. Nc3 Nc6 3. g3 g6 4. Bg2 Bg7 5. d3 d6 6. f4 e5 7. Nf3 Nge7 8. Rb1 0-0 9. 0-0 f5 10. Be3 Nd4 11. Ne2 fxe4 12. dxe4 Bg4 13. c3 Nxe2+ 14. Qxe2 Qd7 15. Rbd1 Nc6 16. Bxc5 exf4 17. Bxd6 Rf7 18. Bxf4 Qe8 19. h3 Be6 20. Ng5 Re7 21. Nxe6 Rxe6 22. e5 Kh8 23. Bxc6 Qxc6 24. Rd6 Qxd6 25. exd6 Rxe2 26. Rd1 Bf6 27. Kf1 Rxb2 28. d7 Rd8 29. Bc7 Kg7 30. Rd6 Be7 31. Bxd8 Bxd8 32. Ke1 Kf7 33. a4 Ke7 34. Rd3 Ra2 35. Rd4 Rg2 36. Rd3 Ra2 37. g4 Rxa4 38. Ke2 Ra6 39. Rd1 Re6+ 40. Kf3 Rd6 41. Ra1 a6 42. Kf4 Kxd7 43. Ke5 Bc7 44. Ke4 Rc6 45. Kd4 b5 46. Rf1 Bb6+ 47. Kd5 Rd6+ 48. Ke4 Kc6 49. Rf8 h6 50. Rh8 g5 51. Rc8+ Kb7 52. Rf8 Rc6 53. Kd3 Ba5 54. Rf7+ Kb6 55. Kd4 Rxc3 56. Ke5 Rc6 57. Kd5 b4 58. Rf8 Kb7 59. Rf7+ Bc7 60. Rf3 a5 61. Rb3 Kb6 62. Rb1 Kb5 63. Rb2 Bb6 64. Rb1 Rc5+ 65. Kd6 a4 66. Rf1 b3 67. Rf7 Rc6+ 68. Kd5 b2 69. Rf1 a3 70. h4 a2 71. hxg5 hxg5 72. Rd1 b1Q 73. Rxb1+ axb1Q 74. Ke5 Rc5+ 75. Kf6 Qf1+ 76. Kg6 Rc6+ 77. Kh5 Qh3+ 78. Kxg5 Be3+ 79. Kf5 Qf3+ 80. Ke5 Qf4+ 81. Kd5 Qd4# 0-1

[Event "Titled Tuesday intern op 28th Feb Early"]
[Site "Chess.com INT"]
[Date "2023.02.28"]
[Round "2"]
[White "Sreyas, Payyappat"]
[Black "Burke, John F"]
[Result "0-1"]
[WhiteElo "2105"]
[BlackElo "2013"]
[PlyCount "41"]
[EventDate "2023.02.28"]
[EventType "swiss (blitz)"]
[EventRounds "11"]
[EventCountry "USA"]
[SourceTitle "CBM 213 Extra"]
[Source "ChessBase"]
[SourceDate "2023.05.31"]
[SourceVersion "1"]
[SourceVersionDate "2023.05.31"]
[SourceQuality "1"]

1. e4 c5 2. Nf3 Nc6 3. d4 cxd4 4. Nxd4 e6 5. Nc3 Qc7 6. Be3 a6 7. Bd3 Nf6 8. 0-0 Bb4 9. f4 d6 10. Nce2 Ng4 11. Rf3 Nxe3 12. Rxe3 Bc5 13. c3 e5 14. fxe5 dxe5 15. Bc4 0-0 16. Rg3 exd4 17. cxd4 Be7 18. Nc3 Nxd4 19. b3 Be6 20. Rc1 Qe5 21. Rd3 0-1

[Event "Titled Tuesday intern op 21st Feb Early"]
[Site "Chess.com INT"]
[Date "2023.02.21"]
[Round "11"]
[White "Burke, John F"]
[Black "Begunov, Konstantin"]
[Result "1-0"]
[WhiteElo "2013"]
[BlackElo "2325"]
[PlyCount "81"]
[EventDate "2023.02.21"]
[EventType "swiss (blitz)"]
[EventRounds "11"]
[EventCountry "USA"]
[SourceTitle "CBM 212 Extra"]
[Source "ChessBase"]
[SourceDate "2023.03.31"]
[SourceVersion "1"]
[SourceVersionDate "2023.03.31"]
[SourceQuality "1"]

1. d4 d5 2. c4 c6 3. Nc3 Nf6 4. Nf3 dxc4 5. a4 Bg4 6. Ne5 Bh5 7. Nxc4 e6 8. Qb3 Na6 9. Qxb7 Nb4 10. Na3 a5 11. Bf4 Qc8 12. Qxc8+ Rxc8 13. f3 Nfd5 14. Bg3 Ne3 15. Kf2 Nxf1 16. Rhxf1 c5 17. e3 Nd3+ 18. Ke2 Nxb2 19. d5 c4 20. Rab1 Bxa3 21. Nb5 Bb4 22. Rxb2 0-0 23. d6 Rfd8 24. Rd1 f6 25. d7 Rb8 26. Bxb8 Rxb8 27. d8Q+ Rxd8 28. Rxd8+ Kf7 29. Rc8 c3 30. Nxc3 Bg6 31. e4 f5 32. Nb5 fxe4 33. Rc7+ Kf6 34. f4 e5 35. fxe5+ Kxe5 36. Rxg7 Bh5+ 37. Kf1 e3 38. Re2 Bxe2+ 39. Kxe2 Bc5 40. Rxh7 Kd5 41. Rh4 1-0

[Event "Titled Tuesday intern op 21st Feb Early"]
[Site "Chess.com INT"]
[Date "2023.02.21"]
[Round "7"]
[White "Dias, Joao Batista de Sou"]
[Black "Burke, John F"]
[Result "1/2-1/2"]
[WhiteElo "1796"]
[BlackElo "2013"]
[PlyCount "129"]
[EventDate "2023.02.21"]
[EventType "swiss (blitz)"]
[EventRounds "11"]
[EventCountry "USA"]
[SourceTitle "CBM 212 Extra"]
[Source "ChessBase"]
[SourceDate "2023.03.31"]
[SourceVersion "1"]
[SourceVersionDate "2023.03.31"]
[SourceQuality "1"]

1. e4 c5 2. Nf3 Nc6 3. d4 cxd4 4. Nxd4 e6 5. Nxc6 dxc6 6. Bd3 Bc5 7. 0-0 Nf6 8. Qe2 0-0 9. Be3 Qb6 10. Bxc5 Qxc5 11. Nd2 e5 12. Nc4 Be6 13. Ne3 g6 14. a3 Kg7 15. h3 Rad8 16. Kh1 b5 17. Kh2 h5 18. Rac1 a5 19. Ra1 Rh8 20. Rac1 Rd4 21. Rfd1 Nxe4 22. c3 Rxd3 23. Rxd3 f5 24. f3 Nf6 25. Rcd1 Re8 26. Nc2 Bc4 27. b4 Bxd3 28. Qxd3 axb4 29. axb4 Qe7 30. Ra1 e4 31. Qe3 Qd6+ 32. f4 Qd3 33. Ra7+ Kh6 34. Qd4 Qxd4 35. Nxd4 e3 36. Ne2 Rd8 37. Kg3 Rd2 38. Kf3 Nd5 39. Ra6 c5 40. bxc5 b4 41. cxb4 Nxb4 42. Re6 Nd5 43. Rd6 Kg7 44. c6 Kf7 45. Rd7+ Ke6 46. Rg7 Kf6 47. Rb7 Rc2 48. Rd7 Ke6 49. Rg7 Kf6 50. Rd7 Nc3 51. c7 Nxe2 52. Kxe3 Ng1 53. Rd1 Ne2 54. Rd2 Rxc7 55. Rxe2 Re7+ 56. Kf2 Rxe2+ 57. Kxe2 Ke6 58. Ke3 Kd5 59. Kd3 Kc5 60. g3 Kd5 61. h4 Kc5 62. Kc3 Kd5 63. Kd3 Kc5 64. Kc3 Kd5 65. Kd3 1/2-1/2

[Event "Titled Tuesday intern op 07th Feb Early"]
[Site "Chess.com INT"]
[Date "2023.02.07"]
[Round "8"]
[White "Zampronha, Wladimir Camilo"]
[Black "Burke, John F"]
[Result "0-1"]
[WhiteElo "2163"]
[BlackElo "2013"]
[PlyCount "94"]
[EventDate "2023.02.07"]
[EventType "swiss (blitz)"]
[EventRounds "11"]
[EventCountry "USA"]
[SourceTitle "EXT 2024"]
[Source "ChessBase"]
[SourceDate "2023.10.10"]
[SourceVersion "1"]
[SourceVersionDate "2023.10.10"]
[SourceQuality "1"]

1. e4 c5 2. Nf3 Nc6 3. d4 cxd4 4. Nxd4 e6 5. Nc3 Qc7 6. Be2 a6 7. 0-0 Nf6 8. Be3 Bb4 9. Na4 0-0 10. Nxc6 bxc6 11. c4 Bd6 12. f4 Nxe4 13. c5 Be7 14. Qd3 Nf6 15. Rfd1 Nd5 16. Bd2 a5 17. Qf3 Rb8 18. a3 f5 19. Rab1 Qa7 20. Rdc1 Ba6 21. Kh1 Bb5 22. Bxb5 Rxb5 23. Nb6 Nxb6 24. cxb6 Qxb6 25. Bc3 Bf6 26. Bxf6 Rxf6 27. Qd3 d5 28. Qc2 c5 29. a4 Rb4 30. Qxc5 Qxc5 31. Rxc5 Rxa4 32. g3 Rf8 33. Rc6 Kf7 34. Rbc1 Rb8 35. R1c2 Ra2 36. Ra6 Rbxb2 37. Rxb2 Rxb2 38. Rxa5 Kf6 39. Ra7 h6 40. Ra6 g5 41. fxg5+ hxg5 42. Ra4 Ke5 43. Ra6 g4 44. Ra5 Rc2 45. Ra4 Kf6 46. Ra6 d4 47. Rd6 Rd2 0-1